| 000 | 00792nam a2200181Ia 4500 | ||
|---|---|---|---|
| 008 | 100921s9999 xx 000 0 und d | ||
| 082 |
_b24514 _a891.463 थ 91 |
||
| 100 | _aदिघे प्रभाकर तुकाजी. | ||
| 245 | _aमुगल बादशहाच्या सुडाची परंपरा. | ||
| 260 |
_bविनी प्रकाशन, पुणे. _c1991 |
||
| 300 |
_a175 _bपेंढारकर सतीश |
||
| 365 | _b100 | ||
| 520 | _aललित-कादंबरी. | ||
| 630 | _aमुगल बादशहाच्या सुडाची परंपरा. | ||
| 650 | _aललित-कादंबरी. | ||
| 730 | _aमुगल बादशहाच्या सुडाची परंपरा. | ||
| 942 | _cBOOK | ||
| 999 |
_c773627 _d773624 |
||